The Legend of Zelda - Tous les jeux - Statistiques

Statistiques générales
  • Ce quiz a été pris 91 fois
  • Le résultat moyen est 19 sur 28
Statistiques - réponses
Année Console Jeux % Correct
2017 Wii U/Switch Breath Of the Wild
97%
1998 N64 Ocarina of Time
97%
2023 Switch Tears of the Kingdom
97%
2006 GameCube/Wii Twilight Princess
91%
2000 N64 Majora's Mask
89%
2011 Wii Skyward Sword
88%
1986 NES The Legend of Zelda
88%
2002 GameCube The Wind Waker
86%
1993 Game Boy Link's Awakening
77%
2019 Switch Link's Awakening
77%
1991 Super Nintendo A Link to the Past
76%
2007 DS Phantom Hourglass
76%
2009 DS Spirit Tracks
76%
2024 Switch Echoes of Wisdom
68%
2004 Game Boy Advance The Minish Cap
66%
2013 3DS A Link Between Worlds
65%
2001 Game Boy Color Oracle of Ages
59%
2001 Game Boy Color Oracle of Seasons
59%
2002 Game Boy Advance Four Swords
57%
2011 3DS Ocarina Of Time 3D
57%
2015 3DS Tri Force Heroes
57%
1987 NES The Adventure of Link
55%
2015 3DS Majora's Mask 3D
51%
2013 Wii U The Wind Waker HD
47%
2016 Wii U Twilight Princess HD
46%
2021 Switch Skyward Sword HD
43%
2004 GameCube Four Swords Adventures
24%
1998 Game Boy Color Link's Awakening DX
23%
Aucun quiz correspondant
Distribution des résultats
% des personnes avec chaque résultat
Percentile par nombre de réponses
Votre historique - résultats
Vous n’avez pas pris ce quiz